000 00473nam a22001697a 4500
005 20260326144557.0
008 260326b |||||||| |||| 00| 0 eng d
020 _a978-93-87791-75-6
082 _a796.092 R5
100 _aSuresh Nambath [Ed.]
245 _aA Life of Games : A Guide to Sports
_cSuresh Nambath [Ed.]
250 _a1st
260 _aChennai
_bTHG Publishing Private Ltd.
_c2025
650 _vGeneral
_xPhysical Education
942 _cBK
999 _c249497
_d249497